| 000 | 00706 a2200217 4500 | ||
|---|---|---|---|
| 003 | OSt | ||
| 005 | 20230421101450.0 | ||
| 008 | 220811s2016 mx a||||r|||| 00| 0 spa d | ||
| 020 | _a9788416758098 | ||
| 040 | _cCHAP | ||
| 082 | 0 | 0 |
_a631.4 _bS16 _222 |
| 100 | 1 |
_9186580 _aSalazar Navarro, José Manuel |
|
| 245 | 1 | 0 |
_aAprovechamiento de recursos y manejo de suelo ecológico / _cpor José Manuel Salazar Navarro. |
| 264 | 1 |
_aAntequera, Málaga : _bIC Editorial, _c2016. |
|
| 300 |
_a352 páginas. _bilustraciones. |
||
| 504 | _aIncluye bibliografía. | ||
| 650 | 4 |
_9171625 _aManejo de suelos |
|
| 650 | 4 |
_92010 _aAgricultura sustentable |
|
| 650 | 4 |
_9110283 _aSuelos _xConservación |
|
| 942 |
_2ddc _cLIBRO |
||
| 999 |
_c217482 _d217482 |
||